| 000 | 01228cam a22003133a 4500 | ||
|---|---|---|---|
| 001 | 24780 | ||
| 003 | PGUSA | ||
| 005 | 20140828083531.0 | ||
| 008 | 080308s2008||||xxu|||||s|||||000 | eng d | ||
| 040 |
_aPGUSA _beng |
||
| 042 | _adc | ||
| 050 | 4 | _aDA | |
| 050 | 4 | _aAC | |
| 100 | 1 |
_aVictoria, Queen of Great Britain, _d1819-1901 |
|
| 245 | 1 | 4 |
_aThe Letters of Queen Victoria : _bA Selection from her Majesty's correspondence between the years 1837 and 1861 : Volume 2, 1844-1853 _h[electronic resource] / _cQueen of Great Britain Victoria |
| 260 |
_bProject Gutenberg, _c2008 |
||
| 506 | _aPublic domain in the USA. | ||
| 516 | _aElectronic text | ||
| 653 | _aGreat Britain -- History -- Victoria, 1837-1901 | ||
| 653 | _aGreat Britain -- Politics and government -- 1837-1901 | ||
| 653 | _aVictoria, Queen of Great Britain, 1819-1901 -- Correspondence | ||
| 653 | _aEurope -- Politics and government -- 1848-1871 | ||
| 653 | _aGreat Britain -- History -- Victoria, 1837-1901 -- Sources | ||
| 700 | 1 |
_aBenson, Arthur Christopher, _d1862-1925 |
|
| 700 | 1 |
_aEsher, Reginald Baliol Brett, Viscount, _d1852-1930 |
|
| 830 | 0 |
_aProject Gutenberg _v24780 |
|
| 856 | 4 | 0 | _uhttp://www.gutenberg.org/ebooks/24780 |
| 942 | _cEB | ||
| 999 |
_c254035 _d254035 |
||